Central Library OPAC University of Rajshahi

অভিনয় / (Record no. 39053)

MARC details
000 -LEADER
fixed length control field 00818nam a2200229 a 4500
001 - CONTROL NUMBER
control field 39053
003 - CONTROL NUMBER IDENTIFIER
rucl marc code BD-RjUL
005 - DATE AND TIME OF LATEST TRANSACTION
control field 20211209052916.0
008 - FIXED-LENGTH DATA ELEMENTS--GENERAL INFORMATION
fixed length control field 160404s1996 bg ||||e |||| 000 0 ben d
020 ## - INTERNATIONAL STANDARD BOOK NUMBER
Terms of availability TK.80.00
035 ## - SYSTEM CONTROL NUMBER
System control number (BD-RjUL) 39164
040 ## - CATALOGING SOURCE
Original cataloging agency BD-RjUL
Language of cataloging ben
Transcribing agency BD-RjUL
041 ## - LANGUAGE CODE
Language code of text/sound track or separate title ben
082 ## - DEWEY DECIMAL CLASSIFICATION NUMBER
Edition number 23
Classification number 790.5492
Author mark and year ISA 1996
100 ## - MAIN ENTRY--PERSONAL NAME
Personal name ইসলাম, সৈয়দ মহিদুল
9 (RLIN) 120547
245 10 - TITLE STATEMENT
Title অভিনয় /
Statement of responsibility, etc. সৈয়দ মহিদুল ইসলাম
260 ## - PUBLICATION, DISTRIBUTION, ETC. (IMPRINT)
Place of publication, distribution, etc. ঢাকা :
Name of publisher, distributor, etc. বাংলাদেশ শিল্পকলা একাডেমি,
Date of publication, distribution, etc. ১৯৯৬.
300 ## - PHYSICAL DESCRIPTION
Pagination ৬৪ পৃ. :
Illustrations চিত্র ;
Size ২৩ সেমি.
650 ## - SUBJECT ADDED ENTRY--TOPICAL TERM
Topical term or geographic name as entry element বাংলা প্রবন্ধ
9 (RLIN) 120548
Topical term or geographic name as entry element Bangla Essays
9 (RLIN) 120549
942 ## - ADDED ENTRY ELEMENTS (KOHA)
Source of classification or shelving scheme Dewey Decimal Classification
Koha item type Books
Holdings
Lost status Source of classification or shelving scheme Damaged status Not for loan Collection code Permanent Location Current Location Shelving location Date acquired Source of acquisition Cost, normal purchase price Total Checkouts Full call number Date last seen Copy number Koha item type
  Dewey Decimal Classification   Not For Loan Non-fiction Central Library, University of Rajshahi Central Library, University of Rajshahi Reading Room 24/06/2013 Bangladesh Shilpakala Academy, Dhaka 80.00   B 790.5492 ISA 1996 04/04/2016 C-1 Books
  Dewey Decimal Classification     Non-fiction Central Library, University of Rajshahi Central Library, University of Rajshahi   24/06/2013 Bangladesh Shilpakala Academy, Dhaka 80.00   B 790.5492 ISA 1996 04/04/2016 C-2 Books
  Dewey Decimal Classification     Non-fiction Central Library, University of Rajshahi Central Library, University of Rajshahi   24/06/2013 Bangladesh Shilpakala Academy, Dhaka 80.00   B 790.5492 ISA 1996 04/04/2016 C-3 Books